|
|
|
|
| LEADER |
01706nam a2200325 i 4500 |
| 001 |
43838 |
| 003 |
BD-DhAAL |
| 005 |
20241215142857.0 |
| 008 |
241215t2018 enka b 001 0 eng d |
| 010 |
|
|
|a 2018300971
|
| 020 |
|
|
|a 9781107180567 (Hardback)
|
| 040 |
|
|
|a DLC
|b eng
|e rda
|c DLC
|d BD-DhAAL
|
| 042 |
|
|
|a pcc
|
| 050 |
0 |
0 |
|a QA76.889
|b .W38 2018
|
| 082 |
0 |
0 |
|a 006.3843
|2 23
|
| 100 |
1 |
|
|a Watrous, John,
|c Professor,
|e author.
|9 57306
|
| 245 |
1 |
4 |
|a The theory of quantum information /
|c John Watrous, University of Waterloo, Canada.
|
| 260 |
|
|
|a Cambridge, United Kingdom :
|b Cambridge University Press,
|c 2018.
|
| 300 |
|
|
|a viii, 590 pages :
|b illustrations ;
|c 26 cm
|
| 504 |
|
|
|a Includes bibliographical references (pages 561-572) and index.
|
| 526 |
|
|
|a CSE
|x Sowmitra Das,
Lecturer
Course name : Quantum Computing II (CSE 482)
|
| 541 |
|
|
|a Hye Trade International
|e 43838, 43839
|
| 650 |
|
0 |
|a Quantum computing.
|
| 650 |
|
0 |
|a Quantum computing
|x Mathematics.
|9 57307
|
| 650 |
|
0 |
|a Computer science.
|
| 852 |
|
|
|a Ayesha abed Library
|c General Stacks
|
| 942 |
|
|
|2 ddc
|c BK
|
| 999 |
|
|
|c 46995
|d 46995
|
| 952 |
|
|
|0 0
|1 0
|2 ddc
|4 0
|6 006_384300000000000_WAT
|7 0
|9 77012
|a BRACUL
|b BRACUL
|c GEN
|d 2024-12-11
|e Hye Trade International
|g 7389.00
|l 2
|o 006.3843 WAT
|p 3010043838
|r 2026-02-25
|s 2026-02-18
|t 1
|v 7389.00
|w 2024-12-11
|y BK
|x Requisitioned by Sowmitra Das for the course named- Quantum Computing II (CSE 482)".
|
| 952 |
|
|
|0 0
|1 0
|2 ddc
|4 0
|6 006_384300000000000_WAT
|7 0
|9 77013
|a BRACUL
|b BRACUL
|c GEN
|d 2024-12-11
|e Hye Trade International
|g 7389.00
|l 3
|m 30
|o 006.3843 WAT
|p 3010043839
|q 2026-03-03
|r 2025-07-23
|s 2025-07-23
|t 2
|v 7389.00
|w 2024-12-11
|y BK
|x Requisitioned by Sowmitra Das for the course named- Quantum Computing II (CSE 482)".
|